000 00764nam a2200253Ia 4500
003 OSt
005 20220925203948.0
006 a|||||r|||| 00| 0
007 ta
008 220923b |||||||| |||| 00| 0 eng d
020 _aI932159312
_c1963.41
037 _b1600, 15/07/2005, PT
_cGeneral Book
040 _aRTL
_cRTL
_beng
041 _2eng
_aeng
082 _aX:89V, P4
100 _aSheldon Donald H
_9267433
245 0 _aAchieving inventory accuracy
_b A guide to sustaina
260 _aFlorida
_bJ.Ross Publication
_c2004
300 _axvi;208p
_ccm.
500 _aGlossary P 189-195
650 _aInventory Management
942 _hX:89V, P4
_cGB
_2CC
999 _c548212
_d548212